İnsanlığın yönetimde ulaştığı en iyi sistem (Record no. 7281)

MARC details
000 -BAŞLIK
Sabit Uzunlukta Kontrol Alanı 00876na a2200301 4500
001 - KONTROL NUMARASI
Denetim Alanı 19016
003 - KONTROL NUMARASI IDENTIFIER
Denetim Alanı MIRAKIL
005 - SON İŞLEM TARİHİ VE ZAMANI
Denetim Alanı 20181213155134.0
008 - SABİT-BOY VERİ ELEMANLARI - GENEL BİLGİLER
Sabit Uzunlukta Kontrol Alanı 161206b tu 000 0
020 ## - ULUSLARARASI STANDART KİTAP NUMARASI
Uluslararası Standart Kitap Numarası 9789757278085
035 ## - SİSTEM KONTROL NUMARASI
Sistem Kontrol Numarası 19016
040 ## - KATALOGLAMA KAYNAK
Orijinal Kataloglama Ajansı Milas
Kataloglama Dili tur
Metne Dönüştürmek Ajansı TR-AnCHP
041 ## - DİL KODU
Metin / Ses Parça Veya Ayrı Başlığın Dil Kodu tur
082 ## - DEWEY ONLU SINIFLANDIRMA NUMARASI
Sınıflandırma Numarası 321.8
Ürün Numarası Z95p 2011
090 ## - SINIFLAMA NUMARASI
Sınıflama Numarası 321.8 Z95p 2011
100 ## - ANA GİRİŞ - KİŞİSEL İSİM
Kişisel Ad Zümrüt, Osman
240 ## - ÜNİFORM BAŞLIK
Üniforma Başlık <a href="Paylaşımcı demokrasi">Paylaşımcı demokrasi</a>
245 ## - BAŞLIK TABLOSU
Başlık İnsanlığın yönetimde ulaştığı en iyi sistem
Başlığın Kalan Paylaşımcı demokrasi
Sorumluluk Tablosu, Vb Osman Zümrüt
246 ## - UNVAN FORM VARYING
Başlık Doğru / Kısa Başlığı Paylaşımcı demokrasi
260 ## - YAYIN, DAĞITIM, VB
Yayın, Dağıtım, Vb Yeri Ankara
Yayıncı, Dağıtıcı, Vs Adı [yayl. y.]
Yayın, Dağıtım, Vb Tarihi 2011
300 ## - FİZİKSEL TANIM
Kapsam 160 s.
Boyutlar 20 sm.
500 ## - GENEL NOT
Genel Not Yapıt yazarından imzalıdır.
504 ## - KAYNAKÇA VB NOT
Kaynakça Vb Notu Kaynakça var.
650 ## - KONU KATMA GİRİŞ - TOPİKAL DÖNEM
Topikal Süreli Veya Coğrafi Ad Giriş Elemanı Yönetim sistemleri
Genel Alt Bölümü Demokrasi
650 ## - KONU KATMA GİRİŞ - TOPİKAL DÖNEM
Topikal Süreli Veya Coğrafi Ad Giriş Elemanı Demokrasi
Genel Alt Bölümü Felsefe ve kuram
740 ## - KATMA GİRİŞ - KONTROLSUZ İLGİLİ / ANALİTİK BAŞLIK
Kontrol Edilmeyen / İlgili Analitik Başlıktaki Paylaşımcı demokrasi
942 ## - EKLENDİ GİRİŞ ELEMANLARI (KOHA)
Sınıflandırma Veya Raf Düzeni Kaynak Dewey Decimal Classification
Koha Öğesi Türü Books
999 ## - SİSTEM KONTROL NUMARALARI (KOHA)
Koha Biblionumber 7281
Koha Biblioitemnumber 7281
Holdings
Kalıcı Konum Mevcut Konum Edinme Tarihi Edinim Kaynak Seri Numaralandırma / Kronolojik Toplam Check-Out'Lar Tam Çağrı Numarası Barkod Tarih Son Görülme İtibaren Geçerli Fiyatlar Koha Öğesi Türü Kopya Sayısı
CHP Kütüphanesi CHP Kütüphanesi 12/06/2016 Bağış c.2   321.8 Z95p 2011 011016 12/06/2016 12/06/2016 Books  
CHP Kütüphanesi CHP Kütüphanesi 12/06/2016 Bağış     321.8 Z95p 2011 011017 12/06/2016 12/06/2016 Books k.2